<?xml version="1.0" encoding="UTF-8"?>
<record
    xmlns:xsi="http://www.w3.org/2001/XMLSchema-instance"
    xsi:schemaLocation="http://www.loc.gov/MARC21/slim http://www.loc.gov/standards/marcxml/schema/MARC21slim.xsd"
    xmlns="http://www.loc.gov/MARC21/slim">

  <leader>00193nam a22000977a 4500</leader>
  <controlfield tag="003">SGT</controlfield>
  <datafield tag="245" ind1=" " ind2=" ">
    <subfield code="a">Oral Oncology</subfield>
  </datafield>
  <datafield tag="260" ind1=" " ind2=" ">
    <subfield code="b">Elsevier</subfield>
  </datafield>
  <datafield tag="300" ind1=" " ind2=" ">
    <subfield code="a">670,1140,618,1050,870,7810</subfield>
  </datafield>
  <datafield tag="942" ind1=" " ind2=" ">
    <subfield code="2">ddc</subfield>
    <subfield code="c">BV</subfield>
  </datafield>
  <datafield tag="952" ind1=" " ind2=" ">
    <subfield code="0">0</subfield>
    <subfield code="1">0</subfield>
    <subfield code="2">ddc</subfield>
    <subfield code="4">0</subfield>
    <subfield code="5">1</subfield>
    <subfield code="7">1</subfield>
    <subfield code="a">FD</subfield>
    <subfield code="b">FD</subfield>
    <subfield code="d">2025-03-04</subfield>
    <subfield code="h">Vol.49</subfield>
    <subfield code="i">SGTU</subfield>
    <subfield code="p">PD980</subfield>
    <subfield code="r">2025-03-04 00:00:00</subfield>
    <subfield code="w">2025-03-04</subfield>
    <subfield code="y">BV</subfield>
  </datafield>
  <datafield tag="952" ind1=" " ind2=" ">
    <subfield code="0">0</subfield>
    <subfield code="1">0</subfield>
    <subfield code="2">ddc</subfield>
    <subfield code="4">0</subfield>
    <subfield code="5">1</subfield>
    <subfield code="7">1</subfield>
    <subfield code="a">FD</subfield>
    <subfield code="b">FD</subfield>
    <subfield code="d">2025-03-04</subfield>
    <subfield code="h">Vol.49</subfield>
    <subfield code="i">SGTU</subfield>
    <subfield code="p">PD981</subfield>
    <subfield code="r">2025-03-04 00:00:00</subfield>
    <subfield code="w">2025-03-04</subfield>
    <subfield code="y">BV</subfield>
  </datafield>
  <datafield tag="952" ind1=" " ind2=" ">
    <subfield code="0">0</subfield>
    <subfield code="1">0</subfield>
    <subfield code="2">ddc</subfield>
    <subfield code="4">0</subfield>
    <subfield code="5">1</subfield>
    <subfield code="7">1</subfield>
    <subfield code="a">FD</subfield>
    <subfield code="b">FD</subfield>
    <subfield code="d">2025-03-04</subfield>
    <subfield code="h">Vol.51</subfield>
    <subfield code="i">SGTU</subfield>
    <subfield code="p">PD982</subfield>
    <subfield code="r">2025-03-04 00:00:00</subfield>
    <subfield code="w">2025-03-04</subfield>
    <subfield code="y">BV</subfield>
  </datafield>
  <datafield tag="952" ind1=" " ind2=" ">
    <subfield code="0">0</subfield>
    <subfield code="1">0</subfield>
    <subfield code="2">ddc</subfield>
    <subfield code="4">0</subfield>
    <subfield code="5">1</subfield>
    <subfield code="7">1</subfield>
    <subfield code="a">FD</subfield>
    <subfield code="b">FD</subfield>
    <subfield code="d">2025-03-04</subfield>
    <subfield code="h">Vol.51</subfield>
    <subfield code="i">SGTU</subfield>
    <subfield code="p">PD983</subfield>
    <subfield code="r">2025-03-04 00:00:00</subfield>
    <subfield code="w">2025-03-04</subfield>
    <subfield code="y">BV</subfield>
  </datafield>
  <datafield tag="952" ind1=" " ind2=" ">
    <subfield code="0">0</subfield>
    <subfield code="1">0</subfield>
    <subfield code="2">ddc</subfield>
    <subfield code="4">0</subfield>
    <subfield code="5">1</subfield>
    <subfield code="7">1</subfield>
    <subfield code="a">FD</subfield>
    <subfield code="b">FD</subfield>
    <subfield code="d">2025-03-04</subfield>
    <subfield code="h">Vol.52</subfield>
    <subfield code="i">SGTU</subfield>
    <subfield code="p">PD984</subfield>
    <subfield code="r">2025-03-04 00:00:00</subfield>
    <subfield code="w">2025-03-04</subfield>
    <subfield code="y">BV</subfield>
  </datafield>
  <datafield tag="952" ind1=" " ind2=" ">
    <subfield code="0">0</subfield>
    <subfield code="1">0</subfield>
    <subfield code="2">ddc</subfield>
    <subfield code="4">0</subfield>
    <subfield code="5">1</subfield>
    <subfield code="7">1</subfield>
    <subfield code="a">FD</subfield>
    <subfield code="b">FD</subfield>
    <subfield code="d">2025-03-04</subfield>
    <subfield code="h">Vol.52</subfield>
    <subfield code="i">SGTU</subfield>
    <subfield code="p">PD985</subfield>
    <subfield code="r">2025-03-04 00:00:00</subfield>
    <subfield code="w">2025-03-04</subfield>
    <subfield code="y">BV</subfield>
  </datafield>
  <datafield tag="999" ind1=" " ind2=" ">
    <subfield code="c">30159</subfield>
    <subfield code="d">30159</subfield>
  </datafield>
</record>
